Catálogo público

Caracterización espacio-temporal de la precipitación mensual y humedad disponible en el Estado de Oaxaca (Record no. 98666)

MARC details
000 -CABECERA
campo de control de longitud fija 01318nam a22003377a 4500
003 - IDENTIFICADOR DEL NÚMERO DE CONTROL
campo de control CHAP
005 - FECHA Y HORA DE LA ÚLTIMA TRANSACCIÓN
campo de control 20220329143553.0
008 - DATOS DE LONGITUD FIJA--INFORMACIÓN GENERAL
campo de control de longitud fija 100610s2007 mx a r 00010 spa d
010 ## - NÚMERO DE CONTROL DE LA BIBLIOTECA DEL CONGRESO
Número de control de LC 98666
011 ## - ENLACE DEL NUMERO DE CONTROL DE LA BIBLIOTECA DEL CONGRESO [OBSOLETO]
Número de control de LC 99638
020 ## - NÚMERO INTERNACIONAL ESTÁNDAR DEL LIBRO
Número Internacional Estándar del Libro 9789704301927
035 ## - NÚMERO DE CONTROL DEL SISTEMA
Número de control de sistema 110324
040 ## - FUENTE DE LA CATALOGACIÓN
Centro/agencia transcriptor CHAP
082 14 - NÚMERO DE LA CLASIFICACIÓN DECIMAL DEWEY
Número de clasificación 551.577297274
Número de documento/Ítem C17
245 00 - MENCIÓN DE TÍTULO
Título Caracterización espacio-temporal de la precipitación mensual y humedad disponible en el Estado de Oaxaca
Mención de responsabilidad, etc. /por Victor Serrano Altamirano... [et al.]
260 ## - PUBLICACIÓN, DISTRIBUCIÓN, ETC.
Lugar de publicación, distribución, etc. México, D. F. :
Nombre del editor, distribuidor, etc. Instituto Nacional de Investigaciones Forestales, Agrícolas y Pecuarias,
Fecha de publicación, distribución, etc. 2007
300 ## - DESCRIPCIÓN FÍSICA
Extensión 172 p. :
Otras características físicas ilus., cuadros, mapas
590 ## - NOTA LOCAL (RLIN)
Nota local BATCH-UPD
Procedencia (VM) [OBSOLETO] 10
Condición del los carretes individuales (VM) [OBSOLETO] 20130110
-- UCH01
-- 1021
590 ## - NOTA LOCAL (RLIN)
Nota local BATCH-UPD
Procedencia (VM) [OBSOLETO] 10
Condición del los carretes individuales (VM) [OBSOLETO] 20130410
-- UCH01
-- 0626
590 ## - NOTA LOCAL (RLIN)
Nota local BATCH-UPD
Procedencia (VM) [OBSOLETO] 10
Condición del los carretes individuales (VM) [OBSOLETO] 20130914
-- UCH01
-- 0950
590 ## - NOTA LOCAL (RLIN)
Nota local CONVERSION
Procedencia (VM) [OBSOLETO] 10
Condición del los carretes individuales (VM) [OBSOLETO] 20130109
-- UCH01
-- 1354
650 14 - PUNTO DE ACCESO ADICIONAL DE MATERIA--TÉRMINO DE MATERIA
Término de materia o nombre geográfico como elemento de entrada Climatología
Subdivisión general Métodos estadísticos.
9 (RLIN) 23869
650 14 - PUNTO DE ACCESO ADICIONAL DE MATERIA--TÉRMINO DE MATERIA
Término de materia o nombre geográfico como elemento de entrada Lluvia
Subdivisión general Efecto en agricultura.
9 (RLIN) 67320
650 14 - PUNTO DE ACCESO ADICIONAL DE MATERIA--TÉRMINO DE MATERIA
Término de materia o nombre geográfico como elemento de entrada Lluvia
Subdivisión general Oaxaca.
9 (RLIN) 67332
700 0# - PUNTO DE ACCESO ADICIONAL--NOMBRE DE PERSONA
Nombre de persona Serrano Altamirano, Víctor.
9 (RLIN) 105197
901 ## - ELEMENTOS DE DATOS A LOCAL LDA (RLIN)
a BK
911 ## - EQUIVALENCIA O REFERENCIA-CRUZADA-NOMBRE DE CONFERENCIA O REUNIÓN/CONGRESO [LOCAL, CANADÁ]
Nombre de congreso/reunión o jurisdicción como elemento de entrada en proceso
942 ## - ELEMENTOS DE PUNTO DE ACCESO ADICIONAL (KOHA)
Tipo de ítem Koha Libro
949 ## - PROCESAMIENTO DE INFORMACIÓN LOCAL (OCLC)
a 551.577297274 C17
b BC
c LIBRO
d 33724002174819
e LIBRO
f c.2
g I.c/e
h 112874
i 110324
s i
949 ## - PROCESAMIENTO DE INFORMACIÓN LOCAL (OCLC)
a 551.577297274 C17
b BC
c LIBRO
d 33724002175181
e LIBRO
g I.c/e
h 112860
i 110324
s i
Holdings
Estado de retiro Estado de pérdida Fuente del sistema de clasificación o colocación Estado dañado Restricciones de uso No para préstamo Código de colección Localización permanente Ubicación/localización actual Ubicación en estantería Fecha de adquisición Fuente de adquisición Información codificada de la localización en otra ubicación Total de préstamos Signatura topográfica completa Código de barras Fecha visto por última vez Fecha del último préstamo Número de copia Precio válido a partir de Tipo de ítem Koha
    Dewey Decimal Classification   Préstamo 15 días   General Biblioteca Central Biblioteca Central Planta alta - Colección General 31/12/2019 I.c/e LIBRO 1 551.577297274 C17 33724002174819 28/09/2023 27/09/2023 c.2 31/12/2019 Libro
    Dewey Decimal Classification   Préstamo 15 días   General Biblioteca Central Biblioteca Central Planta alta - Colección General 31/12/2019 I.c/e LIBRO   551.577297274 C17 33724002175181 31/12/2019     31/12/2019 Libro